Cartoon Dog Breeds Quiz Stats

 Plays Quiz Updated Jun 5, 2018

Challenge
Share
Tweet
Score 0/15 Timer 04:00
14 Plays Today
Question Answer Wrong Answers
Pongo (One Hundred and One _____) Dalmatian
98.4%
Australian Shepherd
0.2%
Border Collie
0.1%
Rottweiler
0.1%
Max (The Little Mermaid) Old English Sheepdog
97.6%
Australian Shepherd
0.3%
Chinese Crested
0.2%
Border Collie
0.6%
Lady (Lady and the Tramp) Cocker Spaniel
97.3%
Jack Russell Terrier
0.2%
Toy Poodle
0.6%
Japanese Chin
0.7%
Bandit (Jonny Quest) Bulldog
95.1%
Rottweiler
0.5%
Boxer
2.9%
Golden Retriever
0.3%
Scooby-Doo (Scooby-Doo, Where Are You!) Great Dane
94.8%
St. Bernard
0.4%
Weimaraner
3.3%
Afghan Hound
0.2%
Buster (Toy Story) Dachshund
94.3%
Basset Hound
4.1%
Shar Pei
0.2%
Papillon
0.2%
Percy (Pocahontas) Pug
93%
Cairn Terrier
1.3%
Toy Poodle
0.3%
French Bulldog
4.1%
Nana (Peter Pan) St. Bernard
92.3%
Chow Chow
1.6%
German Shepherd
1.6%
Shiba Inu
3.2%
Santa's Little Helper (The Simpsons) Greyhound
92.1%
Mastiff
0.2%
Weimaraner
1.8%
Rhodesian Ridgeback
4.6%
Marmaduke (Marmaduke) Great Dane
91.9%
Xoloitzcuintli
3%
Labrador Retriever
3.4%
Bernese Mountain Dog
0.4%
Bruno (Cinderella) Bloodhound
89.2%
Basset Hound
7.1%
Mastiff
1.5%
American Staffordshire Terrier
0.8%
Snoopy (Peanuts) Beagle
88%
Pomeranian
0.5%
Bull Terrier
10.1%
German Shepherd
0.2%
Droopy (Droopy) Basset Hound
86.5%
Labrador Retriever
0.3%
Brittany Spaniel
0.5%
Bloodhound
11.5%
Snowy (The Adventures of Tin Tin) Wire Fox Terrier
84.6%
French Bulldog
0.2%
Yorkshire Terrier
0.4%
Miniature Schnauzer
13.5%
Ren (Ren and Stimpy) Chihuahua
80.5%
Maltese
0.3%
English Bulldog
0.4%
Chinese Crested
17.6%

You're not logged in!

Compare scores with friends on all Sporcle quizzes.
OR
Log In

You Might Also Like...

Show Comments

Extras

Top Quizzes Today


Score Distribution

Your Account Isn't Verified!

In order to create a playlist on Sporcle, you need to verify the email address you used during registration. Go to your Sporcle Settings to finish the process.

Report this User

Report this user for behavior that violates our Community Guidelines.

Details: